Spanish or Vanish - Statistics

General Stats
  • This quiz has been taken 9 times
  • The average score is 10 of 15
Answer Stats
Hint Answer % Correct
Spanish espanol
100%
hello hola
100%
water agua
89%
bread pan
89%
am soy
89%
you tu
89%
I yo
89%
orange naranja
78%
sun sol
78%
tree arbol
56%
71 setenta y uno
56%
watching mirando
33%
desk escritorio
22%
silly tonta
11%
boring abburita
0%
No matching quizzes found
Score Distribution
Percent of People with Each Score
Percentile by Number Answered
Your Score History
You have not taken this quiz